Catálogo de la Biblioteca Horacio González - Universidad Nacional de General Sarmiento

Carmen (Registro nro. 55057)

Detalles MARC
000 -CABECERA
campo de control de longitud fija 01276ngm a22003490a 4500
001 - NÚMERO DE CONTROL
campo de control PT38746
003 - IDENTIFICADOR DEL NÚMERO DE CONTROL
campo de control AR-LpoUNG
005 - FECHA Y HORA DE LA ÚLTIMA TRANSACCIÓN
campo de control 20210202000531.0
007 - CAMPO FIJO DE DESCRIPCIÓN FÍSICA--INFORMACIÓN GENERAL
campo de control de longitud fija vd cvaizq
008 - DATOS DE LONGITUD FIJA--INFORMACIÓN GENERAL
campo de control de longitud fija 191001s1943||||ag |||||||||||||||||spa d
037 ## - FUENTE DE ADQUISICIÓN
Condiciones de disponibilidad $7.63
040 ## - FUENTE DE LA CATALOGACIÓN
Centro catalogador/agencia de origen AR-LpoUNG
Lengua de catalogación spa
Centro/agencia transcriptor AR-LpoUNG
Normas de descripción aacr
041 ## - CÓDIGO DE LENGUA
Código de lengua del texto/banda sonora o título independiente spa
044 ## - CÓDIGO DEL PAÍS DE LA ENTIDAD EDITORA/PRODUCTORA
Código MARC del país ag
082 0# - NÚMERO DE LA CLASIFICACIÓN DECIMAL DEWEY
Número de clasificación 302.52 481car
100 1# - ENTRADA PRINCIPAL--NOMBRE DE PERSONA
Nombre de persona Amadori, Luis Cesar
Término indicativo de función/relación dir.
245 10 - MENCIÓN DE TÍTULO
Título Carmen
260 ## - PUBLICACIÓN, DISTRIBUCIÓN, ETC.
Lugar de publicación, distribución, etc. Buenos Aires :
Nombre del editor, distribuidor, etc. Arte video,
Fecha de publicación, distribución, etc. 26 de octubre de 1943.
300 ## - DESCRIPCIÓN FÍSICA
Extensión DVD (96 min.) : son., byn
505 0# - NOTA DE CONTENIDO CON FORMATO
Nota de contenido con formato Sin subtítulos - Elenco : Niní Marshall, Juan José Padilla, Adrián Cúneo, Juan José Piñeiro
520 ## - SUMARIO, ETC.
Sumario, etc. Aunque mantiene la línea argumental básica de la famosa ópera de Bizet, esta película es una parodia de la inmortal ópera. Niní Marshall interpreta a una vestuarista que se sueña como Carmen tras sufrir un golpe en la cabeza. Mientras el resto de los personajes mantiene la fidelidad a su correspondiente papel en la ópera, Marshall satiriza los diálogos y las situaciones
650 #4 - PUNTO DE ACCESO ADICIONAL DE MATERIA--TÉRMINO DE MATERIA
Término de materia o nombre geográfico como elemento de entrada ARGENTINA
650 #4 - PUNTO DE ACCESO ADICIONAL DE MATERIA--TÉRMINO DE MATERIA
Término de materia o nombre geográfico como elemento de entrada MUSICA
651 #4 - PUNTO DE ACCESO ADICIONAL DE MATERIA--NOMBRE GEOGRÁFICO
Nombre geográfico Argentina
653 ## - TÉRMINO DE INDIZACIÓN--NO CONTROLADO
Término no controlado CINE ARGENTINO
653 ## - TÉRMINO DE INDIZACIÓN--NO CONTROLADO
Término no controlado COMEDIA
653 ## - TÉRMINO DE INDIZACIÓN--NO CONTROLADO
Término no controlado MUSICAL
653 ## - TÉRMINO DE INDIZACIÓN--NO CONTROLADO
Término no controlado ROMANTICA
653 ## - TÉRMINO DE INDIZACIÓN--NO CONTROLADO
Término no controlado VIDEOS
905 ## - ELEMENTOS DE DATOS E LOCAL, LDE (RLIN)
a 38746
942 ## - ELEMENTOS DE PUNTO DE ACCESO ADICIONAL (KOHA)
Tipo de ítem Koha DVD
Existencias
Estado de retiro Estado de pérdida Estado dañado No para préstamo Código de colección Localización permanente Ubicación/localización actual Fecha de adquisición Total de préstamos Signatura topográfica completa Código de barras Fecha visto por última vez Precio válido a partir de Tipo de ítem Koha
        Colección Cine Biblioteca Universidad Nacional de General Sarmiento Biblioteca Universidad Nacional de General Sarmiento 02/02/2021   302.52 481car 00044309 02/02/2021 02/02/2021 DVD